| 000 | 01159nam a2200241 a 4500 | ||
|---|---|---|---|
| 001 | BS0002883 | ||
| 003 | BR-BrBNA | ||
| 005 | 20230728163612.0 | ||
| 008 | 230308b |||||||| |||| 00| 0 por d | ||
| 040 |
_aBR-BrBNA _bpor _cBiblioteca Nacional de Agricultura |
||
| 041 | _apor | ||
| 072 | _aB59 | ||
| 090 | _aB59 BS0002883 | ||
| 100 | 1 | _aSergio, Luiz (espírito) | |
| 245 | 1 | _aO mundo que eu encontrei / | |
| 250 | 1 | _a31. ed. | |
| 260 | 3 |
_aBrasília, DF: _bRecanto, _c2010. |
|
| 300 | _a144 p. | ||
| 500 | _aObra psicografada por Alayde de Assunção Silva.. | ||
| 520 | 3 | _aRelata este livro, em síntese, as primeiras experiências de um jovem de 23 anos, após haver deixado o corpo físico. Descreve suas impressões de forma simples, espontânea e despretenciosa, mantendo um duma de seriedade, por vezes comovente, uma franca jovialidade que alegra o leitor.É uma leitura amena, que conduz agradavelmente à revelação do que não mais constitui um mistério, mas, quando muito, para alguns, uma dúvida, isto é, induz o leitor a aceitar a continuação da vida em algum lugar do vasto Universo. | |
| 650 | _aESPIRITISMO | ||
| 942 |
_cBK _2AGRIS |
||
| 999 |
_c7941 _d7941 |
||